[Event "FIDE Womens World Cup 2021"]
[Site "Sochi"]
[Date "2021.07.15"]
[Round "2.1"]
[White "Tsolakidou, Stavroula"]
[Black "Batsiashvili, Nino"]
[Result "1/2-1/2"]
[WhiteElo "2389"]
[BlackElo "2487"]
[Annotator "ChessBase"]
[PlyCount "63"]
[EventDate "2021.07.12"]
[EventType "k.o."]
[EventCountry "RUS"]
[SourceTitle "playchess.com"]
[Source "ChessBase"]
[SourceQuality "1"]
[TimeControl "40/5400+30:1800+30"]

1. d4 {[%emt 0:00:03]} d5 {[%emt 0:00:04]} 2. c4 {[%emt 0:00:06]} e6 {[%emt 0:00:03]} 3. Nf3 {[%emt 0:00:05]} Nf6 {[%emt 0:00:11]} 4. g3 {[%emt 0:00:08]} Bb4+ {[%emt 0:00:11]} 5. Nc3 {[%emt 0:01:51]} dxc4 {[%emt 0:01:35]} 6. Bg2 {[%emt 0:01:00]} O-O {[%emt 0:02:42]} 7. O-O {[%emt 0:00:06]} Nc6 {[%emt 0:00:09]} 8. a3 {[%emt 0:05:47]} Be7 {[%emt 0:01:08]} 9. e4 {[%emt 0:01:01]} Na5 {[%emt 0:00:45]} 10. Be3 {[%emt 0:00:46]} Nb3 {[%emt 0:00:35]} 11. Rb1 {[%emt 0:00:36]} c5 {[%emt 0:24:08]} 12. dxc5 {[%emt 0:08:18]} Bxc5 {[%emt 0:07:45]} 13. Bxc5 {[%emt 0:30:18]} Nxc5 {[%emt 0:00:07]} 14. e5 {[%emt 0:11:05]} Nd5 {[%emt 0:20:41]} 15. Qd4 {[%emt 0:00:52]} Nxc3 {[%emt 0:02:11]} 16. Qxc3 {[%emt 0:03:32]} Qd3 {[%emt 0:04:09]} 17. Qb4 {[%emt 0:03:10]} Na6 {[%emt 0:00:32]} 18. Qe7 {[%emt 0:02:01]} Qd8 {[%emt 0:07:59]} 19. Qxd8 {[%emt 0:00:18]} Rxd8 {[%emt 0:00:01]} 20. Rfc1 {[%emt 0:02:06]} Bd7 {[%emt 0:00:21]} 21. Nd4 {[%emt 0:00:44]} Nc5 {[%emt 0:03:44]} 22. Rxc4 {[%emt 0:00:23]} Rac8 {[%emt 0:00:50]} 23. f4 {[%emt 0:02:26]} b5 {[%emt 0:02:24]} 24. Rc2 {[%emt 0:04:34]} Be8 {[%emt 0:01:11]} 25. Nxb5 {[%emt 0:04:56]} Bxb5 {[%emt 0:00:12]} 26. Rbc1 {[%emt 0:00:03]} Ba6 {[%emt 0:06:22]} 27. Rxc5 {[%emt 0:00:04]} Rxc5 {[%emt 0:00:02]} 28. Rxc5 {[%emt 0:00:06]} Rd1+ {[%emt 0:00:14]} 29. Kf2 {[%emt 0:00:03]} Rd2+ {[%emt 0:00:19]} 30. Kg1 {[%emt 0:00:25]} Rd1+ {[%emt 0:00:30]} 31. Kf2 {[%emt 0:00:03]} Rd2+ {[%emt 0:00:08]} 32. Kg1 {[%emt 0:00:04]} 1/2-1/2

[Event "FIDE Womens World Cup 2021"]
[Site "Sochi"]
[Date "2021.07.15"]
[Round "2.1"]
[White "Mammadova, Gulnar"]
[Black "Javakhishvili, Lela"]
[Result "1/2-1/2"]
[WhiteElo "2385"]
[BlackElo "2470"]
[Annotator "ChessBase"]
[PlyCount "71"]
[EventDate "2021.07.12"]
[EventType "k.o."]
[EventCountry "RUS"]
[SourceTitle "playchess.com"]
[Source "ChessBase"]
[SourceQuality "1"]
[TimeControl "40/5400+30:1800+30"]

1. e4 {[%emt 0:00:04]} e5 {[%emt 0:00:08]} 2. Nf3 {[%emt 0:01:55]} Nc6 {[%emt 0:00:09]} 3. Bb5 {[%emt 0:04:22]} Nf6 {[%emt 0:00:13]} 4. d3 {[%emt 0:00:59]} Bc5 {[%emt 0:00:24]} 5. c3 {[%emt 0:01:13]} d5 {[%emt 0:03:19]} 6. Qe2 {[%emt 0:06:44]} O-O {[%emt 0:02:12]} 7. h3 {[%emt 0:04:02]} a6 {[%emt 0:10:04]} 8. Ba4 {[%emt 0:01:27]} b5 {[%emt 0:02:08]} 9. Bb3 {[%emt 0:01:14]} h6 {[%emt 0:02:36]} 10. exd5 {[%emt 0:14:25]} Nxd5 {[%emt 0:01:30]} 11. Qe4 {[%emt 0:02:29]} Be6 {[%emt 0:09:27]} 12. Nxe5 {[%emt 0:03:01]} Nxe5 {[%emt 0:01:52]} 13. Qxe5 {[%emt 0:00:03]} Nb4 {[%emt 0:24:25]} 14. O-O {[%emt 0:17:51]} Nxd3 {[%emt 0:00:28]} 15. Qh5 {[%emt 0:04:37]} Bxb3 {[%emt 0:02:06]} 16. axb3 {[%emt 0:00:07]} Qf6 {[%emt 0:05:53]} 17. Be3 {[%emt 0:02:50]} Bxe3 {[%emt 0:00:49]} 18. fxe3 {[%emt 0:01:24]} Qe6 {[%emt 0:01:14]} 19. Qe2 {[%emt 0:00:10]} Nc5 {[%emt 0:03:08]} 20. b4 {[%emt 0:01:52]} Ne4 {[%emt 0:00:09]} 21. Rd1 {[%emt 0:01:32]} Rfe8 {[%emt 0:02:43]} 22. Nd2 {[%emt 0:02:18]} Nxd2 {[%emt 0:08:00]} 23. Rxd2 {[%emt 0:00:05]} Qxe3+ {[%emt 0:00:09]} 24. Qxe3 {[%emt 0:00:04]} Rxe3 {[%emt 0:00:04]} 25. Rd7 {[%emt 0:02:59]} Re2 {[%emt 0:00:32]} 26. Rf1 {[%emt 0:00:55]} f6 {[%emt 0:03:53]} 27. Rf3 {[%emt 0:02:49]} Rae8 {[%emt 0:08:49]} 28. Rxc7 {[%emt 0:01:04]} Rxb2 {[%emt 0:02:08]} 29. Rg3 {[%emt 0:01:25]} g5 {[%emt 0:00:06]} 30. Rd3 {[%emt 0:00:10]} Kf8 {[%emt 0:01:16]} 31. Rdd7 {[%emt 0:02:48]} Re1+ {[%emt 0:01:17]} 32. Kh2 {[%emt 0:00:02]} Ree2 {[%emt 0:00:11]} 33. Rd8+ {[%emt 0:00:09]} Re8 {[%emt 0:00:04]} 34. Rdd7 {[%emt 0:00:02]} Ree2 {[%emt 0:00:05]} 35. Rd8+ {[%emt 0:00:04]} Re8 {[%emt 0:00:04]} 36. Rdd7 {[%emt 0:00:03]} 1/2-1/2

[Event "FIDE Womens World Cup 2021"]
[Site "Sochi"]
[Date "2021.07.15"]
[Round "2.1"]
[White "Ordaz Valdes, Lisandra Teresa"]
[Black "Kashlinskaya, Alina"]
[Result "1/2-1/2"]
[WhiteElo "2369"]
[BlackElo "2488"]
[Annotator "ChessBase"]
[PlyCount "80"]
[EventDate "2021.07.12"]
[EventType "k.o."]
[EventCountry "RUS"]
[SourceTitle "playchess.com"]
[Source "ChessBase"]
[SourceQuality "1"]
[TimeControl "40/5400+30:1800+30"]

1. d4 {[%emt 0:00:06]} Nf6 {[%emt 0:00:07]} 2. Nf3 {[%emt 0:00:19]} d5 {[%emt 0:00:07]} 3. Bf4 {[%emt 0:00:14]} Bf5 {[%emt 0:00:40]} 4. e3 {[%emt 0:00:13]} e6 {[%emt 0:00:27]} 5. Bd3 {[%emt 0:00:09]} Bxd3 {[%emt 0:08:22]} 6. Qxd3 {[%emt 0:01:33]} Nbd7 {[%emt 0:02:52]} 7. O-O {[%emt 0:00:43]} Bd6 {[%emt 0:06:55]} 8. Nbd2 {[%emt 0:07:40]} O-O {[%emt 0:05:40]} 9. c3 {[%emt 0:01:53]} Qb8 {[%emt 0:07:44]} 10. b4 {[%emt 0:21:52]} c6 {[%emt 0:04:27]} 11. Bg5 {[%emt 0:04:11]} Qc7 {[%emt 0:08:51]} 12. a3 {[%emt 0:03:30]} a5 {[%emt 0:04:07]} 13. Bxf6 {[%emt 0:05:21]} Nxf6 {[%emt 0:00:23]} 14. e4 {[%emt 0:00:09]} Be7 {[%emt 0:06:19]} 15. e5 {[%emt 0:06:56]} Nd7 {[%emt 0:00:29]} 16. Nb3 {[%emt 0:01:27]} b6 {[%emt 0:08:19]} 17. bxa5 {[%emt 0:07:24]} bxa5 {[%emt 0:00:09]} 18. c4 {[%emt 0:00:07]} dxc4 {[%emt 0:03:24]} 19. Qxc4 {[%emt 0:00:15]} a4 {[%emt 0:00:15]} 20. Nbd2 {[%emt 0:03:39]} c5 {[%emt 0:00:23]} 21. Rfc1 {[%emt 0:03:18]} Qa7 {[%emt 0:01:55]} 22. dxc5 {[%emt 0:02:29]} Bxc5 {[%emt 0:02:16]} 23. Ne4 {[%emt 0:00:48]} Rfc8 {[%emt 0:03:26]} 24. Qc2 {[%emt 0:10:07]} Bxa3 {[%emt 0:03:06]} 25. Qxc8+ {[%emt 0:04:21]} Rxc8 {[%emt 0:00:11]} 26. Rxc8+ {[%emt 0:00:06]} Bf8 {[%emt 0:00:09]} 27. Rac1 {[%emt 0:09:21]} a3 {[%emt 0:02:30]} 28. R8c7 {[%emt 0:01:53]} Qa8 {[%emt 0:03:34]} 29. Rxd7 {[%emt 0:00:27]} a2 {[%emt 0:06:01]} 30. Rdd1 {[%emt 0:02:37]} Qxe4 {[%emt 0:00:05]} 31. Ra1 {[%emt 0:01:29]} Qc2 {[%emt 0:01:48]} 32. Ne1 {[%emt 0:00:45]} Qe2 {[%emt 0:01:07]} 33. Rdc1 {[%emt 0:00:55]} h6 {[%emt 0:03:06]} 34. Rc2 {[%emt 0:00:27]} Qxe5 {[%emt 0:00:32]} 35. Rcxa2 {[%emt 0:00:09]} Bc5 {[%emt 0:01:44]} 36. Nd3 {[%emt 0:00:35]} Qc3 {[%emt 0:00:49]} 37. Nxc5 {[%emt 0:00:14]} Qxc5 {[%emt 0:00:04]} 38. Ra5 {[%emt 0:00:22]} Qd4 {[%emt 0:01:14]} 39. R5a4 {[%emt 0:00:07]} Qc5 {[%emt 0:01:33]} 40. Ra5 {[%emt 0:00:08]} Qd4 {[%emt 0:00:17]} 1/2-1/2

[Event "FIDE Womens World Cup 2021"]
[Site "Sochi"]
[Date "2021.07.15"]
[Round "2.1"]
[White "Yildiz Kadioglu, Betul Cemre"]
[Black "Tan, Zhongyi"]
[Result "1/2-1/2"]
[WhiteElo "2362"]
[BlackElo "2511"]
[Annotator "ChessBase"]
[PlyCount "57"]
[EventDate "2021.07.12"]
[EventType "k.o."]
[EventCountry "RUS"]
[SourceTitle "playchess.com"]
[Source "ChessBase"]
[SourceQuality "1"]
[TimeControl "40/5400+30:1800+30"]

1. d4 {[%emt 0:00:03]} d5 {[%emt 0:00:07]} 2. c4 {[%emt 0:00:09]} e6 {[%emt 0:00:06]} 3. Nc3 {[%emt 0:00:07]} Nf6 {[%emt 0:00:43]} 4. cxd5 {[%emt 0:01:38]} Nxd5 {[%emt 0:00:07]} 5. Nf3 {[%emt 0:03:22]} c5 {[%emt 0:00:28]} 6. g3 {[%emt 0:09:18]} cxd4 {[%emt 0:01:53]} 7. Nxd5 {[%emt 0:03:37]} Qxd5 {[%emt 0:00:12]} 8. Qxd4 {[%emt 0:01:27]} Qxd4 {[%emt 0:00:21]} 9. Nxd4 {[%emt 0:00:02]} Bb4+ {[%emt 0:08:12]} 10. Bd2 {[%emt 0:00:19]} Bxd2+ {[%emt 0:00:06]} 11. Kxd2 {[%emt 0:00:03]} Bd7 {[%emt 0:00:28]} 12. Bg2 {[%emt 0:01:27]} Nc6 {[%emt 0:00:04]} 13. Nxc6 {[%emt 0:03:24]} Bxc6 {[%emt 0:00:04]} 14. Bxc6+ {[%emt 0:00:11]} bxc6 {[%emt 0:00:03]} 15. Rhd1 {[%emt 0:04:51]} O-O-O+ {[%emt 0:00:28]} 16. Kc3 {[%emt 0:00:52]} Kc7 {[%emt 0:00:12]} 17. b4 {[%emt 0:05:06]} a5 {[%emt 0:04:32]} 18. bxa5 {[%emt 0:08:41]} Ra8 {[%emt 0:00:19]} 19. Rd4 {[%emt 0:06:15]} Rxa5 {[%emt 0:00:07]} 20. Rad1 {[%emt 0:01:56]} Rxa2 {[%emt 0:09:58]} 21. Rd7+ {[%emt 0:00:08]} Kb6 {[%emt 0:00:28]} 22. Rb1+ {[%emt 0:00:59]} Kc5 {[%emt 0:00:47]} 23. Rc1 {[%emt 0:01:02]} Rha8 {[%emt 0:04:38]} 24. Kd3+ {[%emt 0:03:02]} Kb6 {[%emt 0:00:05]} 25. Rb1+ {[%emt 0:01:10]} Kc5 {[%emt 0:00:05]} 26. Rc1+ {[%emt 0:00:15]} Kb6 {[%emt 0:00:03]} 27. Rb1+ {[%emt 0:00:24]} Kc5 {[%emt 0:00:07]} 28. Rc1+ {[%emt 0:00:15]} Kb6 29. Ke4 1/2-1/2

[Event "FIDE Womens World Cup 2021"]
[Site "Sochi"]
[Date "2021.07.15"]
[Round "2.1"]
[White "Peng, Zhaoqin"]
[Black "Dzagnidze, Nana"]
[Result "0-1"]
[WhiteElo "2358"]
[BlackElo "2523"]
[Annotator "ChessBase"]
[PlyCount "84"]
[EventDate "2021.07.12"]
[EventType "k.o."]
[EventCountry "RUS"]
[SourceTitle "playchess.com"]
[Source "ChessBase"]
[SourceQuality "1"]
[TimeControl "40/5400+30:1800+30"]

1. c4 {[%emt 0:00:04]} Nf6 {[%emt 0:00:17]} 2. Nc3 {[%emt 0:00:11]} e5 {[%emt 0:01:29]} 3. Nf3 {[%emt 0:00:31]} Nc6 {[%emt 0:00:13]} 4. e3 {[%emt 0:00:34]} Be7 {[%emt 0:05:04]} 5. d4 {[%emt 0:02:17]} exd4 {[%emt 0:00:08]} 6. exd4 {[%emt 0:00:52]} d5 {[%emt 0:00:11]} 7. cxd5 {[%emt 0:10:19]} Nxd5 {[%emt 0:02:26]} 8. Bc4 {[%emt 0:00:12]} Nb6 {[%emt 0:00:38]} 9. Bb5 {[%emt 0:02:15]} O-O {[%emt 0:00:35]} 10. h3 {[%emt 0:10:54]} Bf5 {[%emt 0:03:12]} 11. O-O {[%emt 0:05:36]} Nb4 {[%emt 0:07:56]} 12. Bf4 {[%emt 0:01:21]} c6 {[%emt 0:01:51]} 13. Be2 {[%emt 0:00:09]} Re8 {[%emt 0:00:18]} 14. Qd2 {[%emt 0:12:54]} Bd6 {[%emt 0:08:12]} 15. Rad1 {[%emt 0:06:00]} N4d5 {[%emt 0:19:51]} 16. Bxd6 {[%emt 0:05:50]} Qxd6 {[%emt 0:00:08]} 17. Ne5 {[%emt 0:04:42]} Rad8 {[%emt 0:03:34]} 18. Rfe1 {[%emt 0:07:14]} f6 {[%emt 0:05:37]} 19. Nc4 {[%emt 0:04:30]} Qf4 {[%emt 0:01:44]} 20. Na5 {[%emt 0:06:24]} Qxd2 {[%emt 0:02:08]} 21. Rxd2 {[%emt 0:00:02]} Rd7 {[%emt 0:07:19]} 22. Rc1 {[%emt 0:03:27]} Nf4 {[%emt 0:01:45]} 23. Bf1 {[%emt 0:01:38]} g5 {[%emt 0:03:32]} 24. g3 {[%emt 0:04:48]} Nxh3+ {[%emt 0:03:16]} 25. Kh2 {[%emt 0:00:04]} g4 {[%emt 0:00:07]} 26. Bxh3 {[%emt 0:03:05]} gxh3 {[%emt 0:00:02]} 27. g4 {[%emt 0:00:14]} Bxg4 {[%emt 0:01:28]} 28. Rg1 {[%emt 0:00:38]} Rg7 {[%emt 0:01:40]} 29. Nxb7 {[%emt 0:00:19]} Nc4 {[%emt 0:03:24]} 30. Rd3 {[%emt 0:01:51]} h5 {[%emt 0:04:48]} 31. b3 {[%emt 0:01:21]} Rxb7 {[%emt 0:00:10]} 32. bxc4 {[%emt 0:01:15]} Rb2 {[%emt 0:00:14]} 33. Kg3 {[%emt 0:00:55]} Kf7 {[%emt 0:00:18]} 34. Rh1 {[%emt 0:02:48]} Rg8 {[%emt 0:01:05]} 35. Re3 {[%emt 0:01:10]} Be6+ {[%emt 0:09:50]} 36. Kf3 {[%emt 0:00:39]} Bxc4 {[%emt 0:00:52]} 37. Rxh3 {[%emt 0:00:21]} Be6 {[%emt 0:00:06]} 38. Rh2 {[%emt 0:00:23]} Rd2 {[%emt 0:00:30]} 39. Ke4 {[%emt 0:01:20]} Rg4+ {[%emt 0:01:08]} 40. Kf3 {[%emt 0:00:07]} Rgxd4 {[%emt 0:00:44]} 41. a3 {[%emt 0:30:54]} Bg4+ {[%emt 0:31:30]} 42. Kg3 {[%emt 0:00:30]} f5 {[%emt 0:01:28]} 0-1

[Event "FIDE Womens World Cup 2021"]
[Site "Sochi"]
[Date "2021.07.15"]
[Round "2.1"]
[White "Gaponenko, Inna"]
[Black "Muzychuk, Mariya"]
[Result "1/2-1/2"]
[WhiteElo "2357"]
[BlackElo "2550"]
[Annotator "TA"]
[PlyCount "103"]
[EventDate "2021.07.12"]
[EventType "k.o."]
[EventCountry "RUS"]
[SourceTitle "playchess.com"]
[Source "ChessBase"]
[SourceQuality "1"]

{[%evp 30,103,10,12,19,22,16,16,27,22,25,27,23,17,36,-11,-12,-16,-17,-11,-7,-29,-3,-30,-18,-39,-14,-35,-30,-51,-39,-64,-65,-78,-71,-75,-53,-54,-54,-91,-78,-91,-84,-79,-79,-86,-79,-110,-39,-177,-88,-63,-30,-63,0,0,0,0,0,0,0,0,0,0,0,0,0,0,0,0,0,0,0,0,0,0]} 1. e4 c5 2. Nf3 Nc6 3. d4 cxd4 4. Nxd4 Nf6 5. Nc3 e5 6. Ndb5 d6 7. Bg5 a6 8. Na3 b5 9. Nd5 Be7 10. Bxf6 Bxf6 11. c3 Ne7 12. Nc2 Nxd5 13. Qxd5 Rb8 14. Nb4 Bb7 15. Qd3 O-O 16. Be2 Rc8 {B33: Sicilian: Pelikan and Sveshnikov Variations.} 17. Rd1 Be7 18. Nd5 Bxd5 19. Qxd5 Qb6 20. O-O Rc5 21. Qb3 Qc6 {[#]} 22. Rd5 $146 ({Predecessor:} 22. Bd3 g6 23. a3 Kg7 24. Qc2 Qd7 25. Qe2 Qe6 26. g3 f5 27. f3 Bd8 28. Kg2 f4 29. Qd2 h5 30. Be2 Bc7 31. b4 Rc6 {½-½ (31) Lengyel,B (2289)-Sipos,I (2337) Hungary 2007}) 22... Rxd5 23. Qxd5 Qxd5 24. exd5 $11 {[%mdl 4096] Endgame KRB-KRB} Rc8 25. f3 Bd8 26. g3 g6 27. Kg2 f5 28. h4 Kg7 29. Kh3 Bb6 30. g4 Be3 31. Rd1 Kf6 32. a3 Bf4 33. Bd3 Rc5 34. Bf1 a5 35. Be2 Be3 36. Kg3 b4 37. c4 ({Wrong is} 37. cxb4 $2 Rc2 $19) 37... b3 38. a4 Rc7 (38... Bf4+ $17 39. Kh3 Rc8) 39. Kg2 (39. Rd3 $15) 39... Bd4 (39... e4 $19 {is more deadly.} 40. Kg3 Ke5) 40. Rd3 $17 Rxc4 {[#] ...Rc2 is the strong threat.} 41. Rxb3 Rc2 ({Black should try} 41... Rxa4 $15 42. g5+ Ke7 43. Rb7+ Kd8 44. Rxh7 Rb4) 42. g5+ $11 {The position is equal.} Ke7 43. Rb7+ Kd8 44. Kf1 Rc1+ (44... Rc7 {looks sharper.} 45. Rb8+ Ke7 46. Bb5 Kf7 47. Ke2 Rc2+) 45. Kg2 Rg1+ (45... Rc7 {is more complex.} 46. Rb8+ Ke7 47. Bb5 Kf7 48. Rh8 Kg7) 46. Kh3 Rh1+ 47. Kg2 Rxh4 (47... Rb1 {keeps more tension.} 48. Rxh7 Rxb2 49. Kf1 e4 50. fxe4 Rb1+) 48. Ba6 Bc5 {next ...Rb4 is good for Black.} 49. Rb8+ Kc7 50. Rb7+ Kd8 {Hoping for ...Rb4.} 51. Rb8+ Kc7 52. Rb7+ {Weighted Error Value: White=0.16/Black=0.12} 1/2-1/2

[Event "FIDE Womens World Cup 2021"]
[Site "Sochi"]
[Date "2021.07.15"]
[Round "2.1"]
[White "Tokhirjonova, Gulrukhbegim"]
[Black "Goryachkina, Aleksandra"]
[Result "0-1"]
[WhiteElo "2320"]
[BlackElo "2596"]
[Annotator "TA"]
[PlyCount "90"]
[EventDate "2021.07.12"]
[EventType "k.o."]
[EventCountry "RUS"]
[SourceTitle "playchess.com"]
[Source "ChessBase"]
[SourceQuality "1"]

{[%evp 9,90,15,19,15,32,0,3,4,9,4,10,0,9,0,0,0,-8,-22,-22,-19,12,0,6,0,11,25,8,2,72,64,56,-44,-36,-44,-44,-32,-74,-56,-47,-31,-27,-40,-39,-202,-191,-163,-177,-227,-260,-227,-257,-250,-261,-253,-254,-239,-219,-303,-236,-243,-200,-222,-155,-189,-127,-163,-163,-170,-166,-382,-381,-376,-376,-339,-355,-408,-304,-318,-316,-29984,-29985,-29980,-29983]} 1. e4 e5 2. Nf3 Nc6 3. Bc4 Bc5 4. c3 Nf6 5. d3 d6 6. a4 {aiming for b4. C54: Giuoco Piano: 4 c3 Nf6, main lines with 5 d4 and 5 d3.} a5 7. O-O h6 8. Re1 {The position is equal.} O-O 9. h3 Be6 10. Nbd2 {[%cal Bb1d2,Bd2f1,Bf1g3][%mdl 32]} Ba7 11. Bb5 {[#]} Nd7 $146 ({Predecessor:} 11... Ne7 12. d4 Ng6 13. Nf1 exd4 14. cxd4 d5 15. exd5 Nxd5 16. Ng3 Ndf4 17. Be3 Bd5 {1-0 (59) Martinez Alcantara,J (2620)-Pichot,A (2630) Chess.com INT 2020}) 12. Nf1 f5 13. exf5 Bxf5 14. Be3 Kh8 15. Ng3 Bxe3 16. Rxe3 Bh7 17. Bxc6 bxc6 18. d4 {[%cal Rd4e5]} Qf6 (18... Qb8 $11) 19. Qe2 $16 {[%cal Rd4e5]} exd4 20. cxd4 (20. Nxd4 $14 Ne5 21. f4 {[%mdl 64] Decoy} Qxf4 22. Ne6 {[%mdl 64] Double Attack}) 20... Nb6 $15 21. Rc3 Nd5 $36 {[%mdl 2048] Black fights for an advantage.} 22. Rxc6 Nf4 23. Qd1 Rab8 24. Rxc7 Rxb2 25. Rc3 Bg8 26. Rb1 $2 {Black converts the advantage convincingly.} (26. Qc1 $15 Rfb8 27. h4) 26... Rxb1 $1 $19 27. Qxb1 Bd5 28. Qb5 Qf7 $1 ({Inferior is} 28... Bxf3 29. Rxf3 Qxd4 30. Kh2 $14) 29. Qb2 {[#]} Nxg2 {[%mdl 576] Remove Defender} 30. Kxg2 {Strongly threatening Qe2.} Bxf3+ 31. Kg1 h5 {...h4 is the strong threat.} 32. h4 Qf6 33. Qb3 Bg4 34. Qc2 Qxd4 ({Much less strong is} 34... Qxh4 35. Qg6) 35. Rd3 Qf6 36. Qd2 Qxh4 ({Black should play} 36... Qa1+ $19 37. Kh2 Qxa4 38. Rxd6 Qf4 39. Qxf4 Rxf4) 37. Rxd6 Qe7 38. Rd4 {[#]} Bf3 $1 {White must now prevent ...h4.} 39. Rd7 $2 (39. Qxa5 Qf6 40. Qc5) 39... Qf6 40. Rd6 Qa1+ 41. Nf1 Qxa4 {( -> ...Qg4+)} 42. Rg6 Qf4 43. Rg5 {If White can now play Qxf4 this consolidates a bit.} a4 44. Ra5 $2 (44. Qxf4 $19 Rxf4 45. Nh2) 44... Qg4+ 45. Ng3 Qh3 {[%csl Gf3][%cal Rh3g2] Weighted Error Value: White=0.44/Black=0.11} 0-1

[Event "FIDE Womens World Cup 2021"]
[Site "Sochi"]
[Date "2021.07.16"]
[Round "2.2"]
[White "Goryachkina, Aleksandra"]
[Black "Tokhirjonova, Gulrukhbegim"]
[Result "1-0"]
[WhiteElo "2596"]
[BlackElo "2320"]
[Annotator "TA"]
[PlyCount "105"]
[EventDate "2021.07.12"]
[EventType "k.o."]
[EventCountry "RUS"]
[SourceTitle "playchess.com"]
[Source "ChessBase"]
[SourceQuality "1"]

{[%evp 9,105,12,35,10,43,51,45,15,74,74,75,74,72,53,51,57,76,65,94,67,97,69,100,100,112,111,106,115,161,139,184,130,138,125,134,151,120,95,118,123,127,125,83,86,131,112,102,78,186,184,157,133,182,124,112,121,324,324,478,456,803,769,933,914,959,890,1016,956,926,875,1032,1022,1022,989,1691,1691,2480,2315,5410,5365,29985,29986,29981,1527,6287,5397,2357,2357,29981,29982,29982,29983,29982,29983,29984,29985,29985,29986]} 1. d4 Nc6 2. Nf3 d5 3. Bf4 Bf5 4. e3 Nb4 5. Na3 e6 {[#]} 6. Be2 $146 {D02: 1 d4 d5 2 Nf3 sidelines, including 2...Nf6 3 g3 and 2...Nf6 3 Bf4.} ({Predecessor:} 6. c3 Nc6 7. Qb3 Rb8 8. Nb5 Rc8 9. Nxa7 Nxa7 10. Qxb7 Ra8 11. Bxc7 Qc8 12. Qb6 {0-1 (35) Vlasenko,M (2431)-Lugovskoy,M (2420) Chess.com INT 2020}) 6... Be7 7. c3 Nc6 8. Qa4 {White is slightly better.} Bxa3 (8... Qd7 $11 {keeps the balance.}) 9. Qxa3 $16 Nge7 10. O-O O-O 11. b4 Ng6 12. Bg3 a6 13. Qb2 Qe7 14. a3 Rfd8 15. c4 h5 16. h3 h4 17. Bh2 dxc4 18. Bxc4 Na7 19. Rac1 Nc8 {[#]} 20. Rfe1 (20. Bxc7 $1 $18 {[%mdl 512]} Rd7 21. Bh2) 20... Nd6 21. Bf1 {Threatens to win with Bxd6.} Be4 22. Nd2 {aiming for Bxd6.} Bc6 23. Nc4 f5 24. Bxd6 cxd6 25. Nb6 Rab8 26. a4 Be8 27. Rc3 d5 28. Rec1 e5 (28... f4 $16 {was necessary.}) 29. Rc5 $18 Bf7 30. dxe5 Nxe5 31. a5 (31. Rc7 $18 Qd6 {[#]} 32. R1c5 $1) 31... Qf6 $16 {White must now prevent ...Nf3+!} 32. Qd4 Qe6 $2 {This move loses the game for Black.} (32... Nd7 $16 {was called for.}) 33. Qxh4 $18 g6 (33... Ng6 $142 34. Qg3 Ne5) 34. Rc7 Re8 (34... Kg7 $142 35. Qd4 Qf6 36. Nxd5 Nf3+ 37. gxf3 Qxd4 38. exd4 Rxd5) 35. b5 axb5 36. Bxb5 Red8 {[#]} 37. Rxb7 $3 {[%mdl 512]} Kg7 (37... Qd6 38. a6) 38. Rxb8 Rxb8 39. Qd4 Kg8 40. f4 Nc4 41. Nxc4 Rxb5 42. Ne5 Be8 43. Rc7 Qd6 44. Qa7 Kf8 45. Rh7 {[%cal Rh7h8]} Qf6 46. Rf7+ Bxf7 47. Nd7+ {[%mdl 64] Double Attack} Kg7 48. Nxf6 Rb1+ 49. Kh2 {White mates.} Kxf6 50. a6 {[%cal Ba5a6,Ba6a7][%mdl 32]} Be8 51. Qd4+ {[%mdl 64] Double Attack} Ke7 52. Qe5+ Kd8 53. a7 {Weighted Error Value: White=0.14/Black=0.52} 1-0

[Event "FIDE Womens World Cup 2021"]
[Site "Sochi"]
[Date "2021.07.16"]
[Round "2.2"]
[White "Muzychuk, Mariya"]
[Black "Gaponenko, Inna"]
[Result "1-0"]
[WhiteElo "2550"]
[BlackElo "2357"]
[Annotator "TA"]
[PlyCount "65"]
[EventDate "2021.07.12"]
[EventType "k.o."]
[EventCountry "RUS"]
[SourceTitle "playchess.com"]
[Source "ChessBase"]
[SourceQuality "1"]

{[%evp 24,65,38,39,33,14,28,0,0,0,108,14,31,-10,75,77,67,78,72,72,96,0,11,0,64,81,79,78,68,75,74,84,114,114,122,95,210,210,418,375,29981,29982,29993,29994]} 1. c4 e6 2. Nc3 d5 3. d4 c6 4. e3 Nf6 5. Nf3 Nbd7 6. Bd3 dxc4 7. Bxc4 b5 8. Bd3 b4 9. Na4 c5 10. O-O Bb7 11. dxc5 Bxc5 12. Nxc5 Nxc5 13. Bb5+ Ke7 {D47: Semi-Slav: Meran System.} 14. Qe2 Qb6 15. b3 Nce4 {Hoping for ...Nc3.The position is equal.} 16. Bb2 Nd5 (16... Nc3 $11 {keeps the balance.} 17. Bxc3 bxc3) 17. Bc4 (17. Bxg7 Ndc3 $17) (17. Ne5 $16) 17... Ndc3 $1 $11 {[%cal Rc3e2]} 18. Qc2 {[#]} Rad8 $146 (18... Rhd8 $11) ({Predecessor:} 18... Rac8 19. a3 a5 20. axb4 axb4 21. Nd4 Rhd8 22. f3 Nf6 23. Bxc3 bxc3 24. Kh1 Kf8 25. Qxc3 {½-½ (25) Kalesis,N (2410)-Karagiannis,A (2370) Ikaros 1995}) 19. a3 $16 a5 20. axb4 axb4 21. Nd4 e5 22. Bxc3 (22. Nf5+ $16 Kf8 23. Ng3) 22... Nxc3 $11 23. Ne2 Nxe2+ (23... Ne4 $1 $11) 24. Qxe2 $14 {Threatens to win with Qh5.} Ra8 25. Qh5 Qf6 26. Rxa8 Rxa8 27. Qxh7 g6 {[#] Strongly threatening ...Rh8.} 28. Qh3 Ra2 29. Qg4 $36 {[%mdl 2048] White is on the roll.} Rd2 {[#]} (29... Qf5 $16 30. Qxf5 gxf5) 30. Bd5 $1 $18 {[%mdl 512]} Qb6 (30... Rxd5 31. Qxb4+ {[%mdl 64] Double Attack} Qd6 32. Qxb7+ Kf8) 31. Qh4+ Kd6 $2 (31... Ke8 $18) 32. Qf6+ {[%mdl 64] Double Attack} Kc5 33. Rc1+ {Weighted Error Value: White=0.20/Black=0.71} 1-0